000 01193nam a2200253 a 4500
001 000037594
005 20251020130153.0
008 090422s2011 sp ad 000 0 spa d
020 _a9789962040361
040 _aDO-SdBNP
_bspa
_cBNPHU
082 _a005.43769
_bB582c
245 0 3 _aLa biblia de la computación e internet /
_cdirección editorial Margarita Pérez ; ilustración Fernando Salas.
260 _aBarcelona :
_bLexus,
_c2011
_fGrafos
300 _aXXII, 1016 p. : ;
_c27 cm. +
_e1 CD-ROM
500 _aTítulo del CD-ROM: "Internet en 10 pasos."
500 _aTexto en dos columnas
505 2 _tConocimientos básicos --
_tWindows 7--
_tMicrosoft Internet Explorer --
_tMicrosoft Word 2010 ---
_tProcesador de textos: Word XP --
_tHoja de cálculo: Excel 2010--
_tBase de datos: Access 2010 --
_tPrograma de presentaciones: Power Point --
_tAgenda de trabajo: Outlook XP.
650 4 _aMicrosoft windows (programas para computadores)
_964069
650 4 _aInternet (red de computadores)
_964070
650 0 _aProcesamiento electrónico de datos
_92306
650 0 _aSistemas operativos (Computadoras)
_9101
700 1 _aSalas, Fernando
_92307
700 1 _aPérez, Margarita
_92308
999 _c37084
_d37084